Things Katy Perry Did Last Friday Night - Statistics

General Stats
  • This quiz has been taken 196 times
  • The average score is 9 of 12
Answer Stats
Lyrics Answer % Correct
And we took too many _____ Shots
98%
And got kicked out of the ___ Bar
95%
Think we ______, but I forgot Kissed
95%
But this Friday Night, do it all _____ Again
92%
Yeah, we danced on _________ Tabletops
89%
Yeah, we maxed our ______ _____ Credit Cards
85%
______ _______ in the dark Skinny Dipping
74%
Always say we-re gonna ____-op oh whoa Stop
73%
So we hit the _________ Boulevard
72%
Yeah, I think we broke the ___ Law
70%
We went _________ in the park Streaking
54%
Then had a ______ _ _____ Ménage à Trois
42%
No matching quizzes found
Score Distribution
Percent of People with Each Score
Percentile by Number Answered
Your Score History
You have not taken this quiz